Statistics for Cities by Clue #2

Click here to take the quiz!

General Stats

  • This quiz has been taken 1,778 times
    (1,507 since last reset)
  • The average score is 16 of 27

Answer Stats

ClueCity% Correct
White HouseWashington DC
99%
ColosseumRome
95%
AcropolisAthens
95%
Leaning TowerPisa
94%
HollywoodLos Angeles
90%
Red Light DistrictAmsterdam
86%
EU ParliamentBrussels
85%
GuinnessDublin
81%
Burj KhalifaDubai
80%
Waikiki BeachHonolulu
75%
White CliffsDover
74%
Sears TowerChicago
72%
Mardi GrasNew Orleans
71%
Mormon LandSalt Lake City
68%
Western WallJerusalem
63%
Mount VesuviusNaples
59%
MozartSalzburg
58%
Table MountainCape Town
51%
Mall of AmericaMinneapolis
41%
The ShroudTurin
40%
Skytree TowerTokyo
15%
Angkor WatSiem Reap
13%
Hassan II MosqueCasablanca
13%
The Champagne RegionReims
11%
City of SailsAuckland
11%
Granville IslandVancouver
10%
The Capital of North WalesLiverpool
4%

Score Distribution

Percentile by Number Answered

Percent of People with Each Score

Your Score History

You have not taken this quiz since the last reset